00280 a2200085 4500100002400000245006200024300004100086650001200127773005500139 aGYESI, Zadok Kwame  aCompete Ghana trains 40 Ghanaian exporters on EU markets  aThursday, September 7, 2023 Pages 44 aEconomy0 tDaily GraphicdAccra Daily Graphic 2023x0855-1529